[Event "IECC O-2776"]
[Site "IECC email"]
[Date "2008.04.30"]
[Round "?"]
[White "Pickering, Tony"]
[Black "Paluch, Andrzej"]
[Result "0-1"]
[WhiteElo "1194"]
[BlackElo "1310"]
[PlyCount "40"]
[EventDate "2008.??.??"]
[EventType "swiss (corr)"]
[EventRounds "2"]
[SourceTitle "Corr 2013"]
[Source "ChessBase"]
[SourceDate "2012.11.12"]
[SourceVersion "1"]
[SourceVersionDate "2012.11.12"]
[SourceQuality "1"]
[WhiteTeam "Australia"]
[BlackTeam "Canada"]
[WhiteTeamCountry "AUS"]
[BlackTeamCountry "CAN"]

1. e4 e6 2. d4 d5 3. e5 c5 4. Nf3 Qb6 5. c3 Nc6 6. Qa4 Bd7 7. Bb5 Nxe5 8. Bxd7+ Nxd7 9. Bf4 Qxb2 10. Ne5 Ngf6 11. Nxd7 Nxd7 12. 0-0 Qxa1 13. Qb5 cxd4 14. Qxb7 Rd8 15. Bc7 Nc5 16. Qxa7 Rc8 17. Bb6 dxc3 18. Bxc5 Bxc5 19. Qb7 0-0 20. Qa6 c2 0-1

[Event "IECC O-2064"]
[Site "IECC email"]
[Date "2004.09.08"]
[Round "?"]
[White "Klawitter, Bernd"]
[Black "Pickering, Tony"]
[Result "1/2-1/2"]
[WhiteElo "1189"]
[BlackElo "1231"]
[PlyCount "84"]
[EventDate "2004.??.??"]
[EventType "swiss (corr)"]
[EventRounds "2"]
[SourceTitle "Corr 2020"]
[Source "ChessBase"]
[SourceDate "2019.09.30"]
[SourceVersion "1"]
[SourceVersionDate "2019.09.30"]
[SourceQuality "1"]
[WhiteTeam "Germany"]
[BlackTeam "England"]
[WhiteTeamCountry "GER"]
[BlackTeamCountry "ENG"]

1. e4 e5 2. Nf3 Nc6 3. Bc4 Nh6 4. d3 Bc5 5. Bxh6 gxh6 6. Qd2 Qf6 7. Nc3 Kd8 8. 0-0-0 Qf4 9. Kb1 Qxd2 10. Rxd2 Rg8 11. g3 Rg7 12. Nh4 Nd4 13. Ne2 f6 14. Nxd4 exd4 15. f4 d6 16. Re2 Bg4 17. Rf2 c6 18. a3 b5 19. Ba2 b4 20. a4 a5 21. b3 Kd7 22. Kc1 Re8 23. Kd2 d5 24. e5 Rf7 25. exf6 Rxf6 26. h3 Bh5 27. g4 Bf7 28. f5 Bd6 29. Ng2 h5 30. Re2 Rxe2+ 31. Kxe2 h6 32. Kf3 hxg4+ 33. hxg4 c5 34. Nf4 Be7 35. Re1 Rd6 36. Rh1 Bg5 37. Bb1 Rc6 38. Ne2 Rc8 39. Ng3 Re8 40. Kf2 Kd6 41. Kf3 Re3+ 42. Kf2 Kd7 1/2-1/2

[Event "IECC CL7-2004.05 email"]
[Site "IECC email"]
[Date "2004.03.22"]
[Round "?"]
[White "Pickering, Tony"]
[Black "Hunter, David"]
[Result "1-0"]
[WhiteElo "1214"]
[BlackElo "1092"]
[PlyCount "93"]
[EventDate "2004.??.??"]
[EventType "tourn (corr)"]
[EventRounds "4"]
[SourceTitle "Corr 2008"]
[Source "ChessBase"]
[SourceDate "2008.06.24"]
[SourceVersion "1"]
[SourceVersionDate "2008.06.24"]
[SourceQuality "1"]

1. e4 e5 2. Nc3 Nf6 3. Nf3 Nc6 4. d4 exd4 5. Nxd4 Bc5 6. Nxc6 bxc6 7. f3 d5 8. Bd3 0-0 9. Bd2 Re8 10. Qe2 Rb8 11. b3 dxe4 12. Nxe4 Bf5 13. Bg5 Bxe4 14. Bxe4 Qd4 15. Bxf6 Qxf6 16. Rb1 Qc3+ 17. Qd2 Bf2+ 18. Ke2 Qc5 19. Kf1 Be3 20. Qd3 Rbd8 21. Bxh7+ Kh8 22. Qf5 Rd2 23. Qxc5 Bxc5 24. Be4 Rf2+ 25. Ke1 f5 26. b4 Bb6 27. c4 Bd4 28. Rd1 c5 29. Rxd4 cxd4 30. Kxf2 fxe4 31. fxe4 Rxe4 32. Re1 Rf4+ 33. Kg3 g5 34. Re7 d3 35. Rd7 Rxc4 36. Rd8+ Kg7 37. Rxd3 Kf6 38. Ra3 Rxb4 39. Rxa7 Rc4 40. a4 Ke6 41. a5 Kd6 42. h3 Ra4 43. Kf3 c5 44. Rg7 c4 45. Rxg5 c3 46. Ke2 c2 47. Kd2 1-0